000 00410nam a22001697i 4500
001 3365
003 OSt
005 20170126082317.0
007 tu
008 161220s1996 xxu||||| |||| 00| 0 d
024 7 _a3364
_2RID
040 _cOSt
245 0 0 _aHuman Development Report
260 _aOxford :
_bOxford University Press,
_c1996-1998.
300 _c30cm
110 2 _aUnited Nations Development Programme (UNDP)
_eEd.
942 _cB
999 _c3315
_d3315